Pères de l’Église latine. (Registro nro. 324087)

Detalles MARC
000 -ENCABEZADO
Número de control [NR] 02712nam a22003017a 4500
005 - FECHA Y HORA DE LA ÚLTIMA TRANSACCIÓN
control field 20240410105319.0
008 - DE LONGITUD FIJA DE DATOS DE ELEMENTOS - INFORMACIÓN GENERAL
Elementos de longitud fija [NR] 240408k19121918fr |||||r|||| 00| 0 fre d
040 ## - FUENTE DE CATALOGACION [NR]
Quien Cataloga Sandra Yazo
Quien Clasifica Sandra Yazo
041 0# - CODIGO DE IDIOMA [R]
Código de idioma para texto/pista de sonido o título separado [R] Francés
082 ## - NUMERO DE CLASIFICACION DECIMAL DEWEY [R]
Número de la edición [NR] 20
Número de clasificación [R] 281.1
092 ## - SIGNATURA TOPOGRAFICA LOCAL
Número de clasificación local E53N003
100 1# - ASIENTO PRINCIPAL--NOMBRE PERSONAL [NR]
Nombre personal [NR] Monier, Frédéric
ID Autoridad 180475
242 00 - TRADUCCION DEL TITULO POR LA AGENCIA CATALOGADORA [R]
Título [NR] Padres de la Iglesia Latina
Código de idioma del título traducido [NR] spa
Parte restante del título [NR] Trozo escogidos y anotados para uso en clase. Para el tercero [-quinto] curso
245 10 - MENCION DE TITULO [NR]
Título [NR] Pères de l’Église latine.
Parte restante del título [NR] Morceaux choisis annotés à l’usage des classes... Classe de troissième [-Cinquiéme]
250 ## - MENCION DE EDICION [NR]
Mención de edición [NR] Cinquième éditión [Quinta edición]
260 ## - PUBLICACION, DISTRIBUCION, ETC. (PIE DE IMPRENTA) [R]
Lugar de publicación, distribución, etc. [R] París (Francia)
Nombre del editor, distribuidor, etc. [R] Ancienne Librairie Poussielgue ; J. de Gigord ; Impr. Mame [Antigua Librería Poussielgue ; J. de Gigord ; Imprenta de Mame]
Fecha de publicación, distribución, etc. [R] 1911 - 1918
300 ## - DESCRIPCION FISICA [R]
Extensión [R] 3 volumenes (viii, 212 ; viii, 224 ; viii, 244 páginas)
Dimensiones [R] 16 x 11 cm.
490 0# - MENCION DE SERIE [R]
Mención de serie [R] Alliance des Maisons d’Éducation chrétienne” [Unión de Centros para la educación cristiana]
500 ## - NOTA GENERAL [R]
Nota general [NR] Detalles físicos: Encuadernación rígida (holandesa) en cartón forrado en papel con lomo de tela, con un tejuelo de papel impreso. Tapa delantera, impresa en una sola tinta con datos de publicación. Guardas. Anteportada. Portada impresa en una sola tinta. Texto impreso en una sola columna con diferentes tipos y tamaños de letra. Notas de pie de página (letra más pequeña, en dos columnas, separados por una línea vertical). Índice final. Papel amarillento. Tapas sucias. V.4: indica Sixième éditión [Sexta edición]. V.5: fecha de publicación 1912, edición indica: Sixième éditión revue et corrigée [Sexta edición, revisada y corregida) Anteportada manchada y con doblez en parte inferior], tapas sucias y hojas 241 a 244, pegadas.
505 0# - NOTA DE CONTENIDO CON FORMATO PREESTABLECIDO [R]
Nota de contenido con formato preestablecido [NR] V.3: Curso tercero: Antología de textos en prosa y verso: Tertuliano ; San Cipriano ; Arnobio ; Lactancio ; San Ambrosio ; San Jerónimo ; San Agustín ; San Paulino de Nola y Prudencio -- V.4 Curso cuarto: San Cipriano ; Lactancio ; San Ambrosio ; Prudencio ; San Paulino de Nola y Ausonio ; San Euquerio de Orleans ; San Hilario de Arles ; San Valeriano ; Fausto de Riez ; Salviano -- V.5: San Cipriano ; San Jerónimo ; Sulpicio Severo ; San Gaudencio ; Casiano ; San Pedro Crisólogo ; San Cesáreo ; San Gregorio de Tours ; San Gregorio Magno ; Hugo de San Víctor ; San Bernardo ; Jucencio ; San Dámaso.
506 ## - NOTA DE RESTRICCIONES DE ACCESO [R]
Condiciones de acceso [NR] Consulta en sala
546 ## - NOTA DE IDIOMA [R]
Nota de idioma [NR] Texto en francés y latín.
650 #7 - ASIENTO SECUNDARIO DE MATERIA - TERMINO TEMATICO [R]
9 (RLIN) 20982
Término temático o nombre geográfico como elemento de entrada [NR] Padres de la iglesia
Subdivisión general [R] Colección de escritos
650 #7 - ASIENTO SECUNDARIO DE MATERIA - TERMINO TEMATICO [R]
9 (RLIN) 18634
Término temático o nombre geográfico como elemento de entrada [NR] Literatura cristiana
650 #7 - ASIENTO SECUNDARIO DE MATERIA - TERMINO TEMATICO [R]
9 (RLIN) 13865
Término temático o nombre geográfico como elemento de entrada [NR] Educación religiosa
690 ## - ASUNTO AGREGADO LOCAL DE ENTRADA - TÉRMINO TEMÁTICO (OCLC, RLIN)
Acceso temático local Espiritualidad
9 (RLIN) 191
942 ## - ELEMENTOS DE ENTRADA AGREGADOS (KOHA)
Sistema de clasificación LOCAL
Tipo de ítem principal el descrito en 300a Libro
Edición 1
Clasificación E53N003
Existencias
Suprimido Perdido Sistema de clasificación Dañado No prestable Tipo de ítem específico Ubicación habitual Ubicación actual Localización Fecha de creación Forma de adquisición Costo Volúmen / Fascículo Signatura topográfica Código de barras Última vez visto Ejemplar Price effective from Tipo de ítem Total préstamos
    LOCAL     Libro archivo Archivo Histórico Archivo Histórico Archivo histórico 08/04/2024 Donación 0.00 V.3 E53N003 L007029 08/04/2024 Ej.1 08/04/2024 Libro  
    LOCAL     Libro archivo Archivo Histórico Archivo Histórico Archivo histórico 08/04/2024 Donación 0.00 V.4 E53N003 L007030 08/04/2024 Ej.1 08/04/2024 Libro  
    LOCAL     Libro archivo Archivo Histórico Archivo Histórico Archivo histórico 08/04/2024 Donación 0.00 V.5 E53N003 L007031 08/04/2024 Ej.1 08/04/2024 Libro